LEADER 01507cam2-2200421---450- 001 990002981430203316 005 20110505150022.0 010 $a88-14-13467-7 035 $a000298143 035 $aUSA01000298143 035 $a(ALEPH)000298143USA01 035 $a000298143 100 $a20071003h2007----km-y0itay50------ba 101 $aita 102 $aIT 105 $a||||||||001yy 200 1 $aAsimmetrie informative e tutela del prestatore di lavoro$fClaudia Faleri$gprefazione di Riccardo Del Punta 210 $aMilano$cGiuffre$dcopyr. 2007 215 $aXXVI, 353 p.$d24 cm 225 2 $aUniversità di Siena, Dipartimento di diritto dell'economia$v20 410 0$1001000351999$aUniversità di Siena, Dipartimento di diritto dell'economia 606 0 $aLavoratori$xDiritto all' informazione 676 $a331.011 700 1$aFALERI,$bClaudia$0598531 702 1$aDEL PUNTA,$bRiccardo 801 0$aIT$bsalbc$gISBD 912 $a990002981430203316 951 $aXXX.A. Coll. 126/ 15 (X 22 XI 20)$b56274 G.$cXXX.A. Coll. 126/ 15 (X 22 XI)$d00160883 959 $aBK 969 $aGIU 979 $aIANNONE$b90$c20071003$lUSA01$h0931 979 $aIANNONE$b90$c20071003$lUSA01$h0932 979 $aIANNONE$b90$c20090504$lUSA01$h0940 979 $aIANNONE$b90$c20090504$lUSA01$h0941 979 $aRSIAV4$b90$c20100720$lUSA01$h0924 979 $aFIORELLA$b90$c20110505$lUSA01$h1500 996 $aAsimmetrie informative e tutela del prestatore di lavoro$91028401 997 $aUNISA LEADER 01032cam--2200337---450 001 990003527180203316 005 20190522150130.0 010 $a88-464-6638-1 035 $a000352718 035 $aUSA01000352718 035 $a(ALEPH)000352718USA01 100 $a20110509d2005----km-y0itay50------ba 101 0 $aita 102 $aIT 200 1 $aDa Sud a Nord: i nuovi flussi migratori interni$euna ricerca della Fiom Cgil Emilia-Romagna tra i lavoratori delle aziende meccaniche$fDavide Bubbico 210 $aMilano$cAngeli$dc2005 215 $a126 p.$d23 cm 225 2 $aIRES CGIL$v26 410 0$12001$aIRES CGIL$v26 606 0 $aMigrazione interna$2BNCF 676 $a304.809 700 1$aBUBBICO,$bDavide$0322033 801 0$aIT$bsalbc$gISBD 912 $a990003527180203316 951 $aII.5. 6817$b222377 L.M.$cII.5.$d00296366 951 $a300 304.809 BUB$b263 DISES 959 $aBK 969 $aUMA 969 $aDISES 996 $aDa Sud a Nord: i nuovi flussi migratori interni$91551807 997 $aUNISA